| 000 | 00617nam a2200157 a 4500 | ||
|---|---|---|---|
| 008 | 120416s0000 ||||||||||||||||| || u | ||
| 020 | _a0576151203 | ||
| 050 | _aNA 7560 Mor | ||
| 100 | _aMorris, Robert | ||
| 245 | 1 | 0 | _aRural architecture |
| 246 | _aconsisting of regular design of plans and elevations for buildings in the country, in which the puri | ||
| 260 |
_aLondon _bGregg International _c1971 |
||
| 300 | _aVarying pagings : ill. | ||
| 350 | _a0.00 | ||
| 995 |
_D0.00 _FCBU-MAIN LIBRARY (Kitwe) _H1 _I4.50 _M1 _UAVAILABLE _ZAnnex Low-Usage Collection |
||
| 999 |
_c56809 _d56809 |
||